000 00872nam a2200217Ia 4500
999 _c39756
_d39756
001 6361
003 GE_BSU
005 20190607201332.0
008 181216s1983||||ge |||||||||||||| ||geo||
040 _cGE_BSU
041 _ageo
080 _a621.18.001.2(072) კ-57
100 _aკიღურაძე, ო.
_92282
245 _aსაქვაბე აგრეგატები : დამხმ. სახელმძღვ. /
_cო. კიღურაძე ; მ. გოგოლაძე,
264 _aთბილისი :
_bსპი,
_c1983.
300 _a110 გვ .:
_bილ ;
_c19 სმ.
_e2ცხრ; 5ლიტ. სია.
653 _aსაქვაბე აგრეგატები
700 _aგოგოლაძე, მ
_92296
700 _aძიძიგური, მ.
_eრედაქტორი
_9472
942 _cBK
_2udc